[Event "Bamberg-Open 2019"]
[Site "Bamberg"]
[Date "2019.05.30"]
[Round "2.1"]
[White "Laznicka, Viktor"]
[Black "Zenker, Ulrich"]
[Result "1/2-1/2"]
[WhiteElo "2660"]
[BlackElo "2147"]
[Annotator "TA"]
[PlyCount "97"]
[EventDate "2019.05.12"]
[EventType "swiss"]
[EventCountry "GER"]
[SourceTitle "playchess.com"]
[Source "ChessBase"]
[SourceQuality "1"]

{[%evp 13,97,34,72,40,40,41,54,54,48,16,28,-11,15,29,29,14,15,23,23,23,29,29,29,29,29,29,37,33,33,20,52,33,33,33,33,33,32,23,32,17,26,12,69,77,68,54,121,143,160,162,192,186,196,172,174,163,130,160,299,310,310,312,458,229,481,464,427,148,1113,0,0,0,0,0,0,0,0,0,0,0,0,0,0,0,0,0]} 1. d4 g6 2. e4 Bg7 3. Nf3 d6 4. Be2 Nf6 5. Nc3 O-O 6. O-O Bg4 7. Bg5 c6 8. a4 {B08: Pirc Defence: Classical System} (8. Nd2 Bxe2 9. Qxe2 Nbd7 10. Rad1 Qc7 11. a4 a6 12. f4 e5 13. fxe5 dxe5 14. d5 Qb6+ 15. Qe3 Qxe3+ 16. Bxe3 cxd5 17. Nxd5 Nxd5 18. exd5 {0-1 (30) Arizmendi Martinez,J (2502)-Markowski,T (2610) Benidorm 2009}) 8... Nbd7 9. h3 Bxf3 10. Bxf3 {White is slightly better.} Qa5 11. Be3 $146 ({Predecessor:} 11. Qd2 Rfe8 12. b4 Qd8 13. a5 Rc8 14. Rfd1 a6 15. Na4 e5 {½-½ (42) Kozomara,V-Sokolov,V Skopje 1962}) 11... e5 12. Ra3 Rfe8 13. d5 cxd5 14. Nxd5 Nxd5 15. Qxd5 Qxd5 16. exd5 Rec8 17. c3 f5 18. a5 e4 19. Be2 Ne5 20. Rb3 Rc7 21. Ra1 a6 22. Rb6 Rd7 23. Ra4 Rf8 24. g3 Bf6 25. h4 Kg7 26. c4 Rc8 27. Rb3 Rf7 (27... Rf8 $11) 28. Rab4 $1 $14 {[%cal Rb4b7]} Rcc7 29. Rb6 Rcd7 (29... Ng4 $14) 30. Bf4 $16 h6 {[#]} 31. c5 $1 {[%mdl 512]} g5 (31... dxc5 32. Rxf6) 32. hxg5 hxg5 33. Bxe5 Bxe5 34. c6 bxc6 35. dxc6 Rd8 (35... Rc7 $16 {was necessary.} 36. Bxa6 (36. Rxa6 Kf6 $16) 36... d5) 36. Rxa6 $18 ({Less strong is} 36. Bxa6 d5 $16) 36... d5 37. Rb7 d4 (37... Rxb7 $142 38. cxb7 Rb8) 38. Bh5 (38. Bc4 $142 Rxb7 39. cxb7) 38... Rxb7 $2 (38... Rc7 39. Bd1 Rdc8 40. Rxc7+ Rxc7) 39. cxb7 {[%mdl 4096] Endgame KRB-KRB} d3 {aiming for ...g4.} 40. Ra8 $2 (40. Rg6+ $18 {has better winning chances.} Kf8 41. Rxg5) 40... Rd7 $2 {[%mdl 8192]} (40... e3 $16 41. fxe3 (41. Rxd8 $2 {is the wrong capture.} e2 $19) 41... Rd7) 41. Re8 $2 (41. a6 $18) 41... g4 $1 $11 {The position is equal.} 42. Rxe5 d2 $1 {[%cal Rd2d1]} 43. Bxg4 fxg4 44. b8=Q {Rg5+ would kill now.} d1=Q+ {KQR-KQR} 45. Kh2 {White threatens Rg5+ and mate.} Qf1 46. Rg5+ {[%mdl 64] Double Attack} Kh6 47. Qh8+ (47. Rxg4 $2 {is a self mate.} Qxf2+ 48. Kh3 Qf1+ 49. Kh4 Qh1#) 47... Kxg5 48. Qe5+ {[%mdl 64] Double Attack} Kh6 49. Qe6+ {Accuracy: White = 51%, Black = 45%.} 1/2-1/2

[Event "Bamberg-Open 2019"]
[Site "Bamberg"]
[Date "2019.05.30"]
[Round "2.2"]
[White "Korolev, Alexandr"]
[Black "Plat, Vojtech"]
[Result "0-1"]
[WhiteElo "2143"]
[BlackElo "2540"]
[Annotator "TA"]
[PlyCount "76"]
[EventDate "2019.05.12"]
[EventType "swiss"]
[EventCountry "GER"]
[SourceTitle "playchess.com"]
[Source "ChessBase"]
[SourceQuality "1"]

{[%evp 24,76,0,-27,-28,-114,-115,-114,-105,-102,-102,-99,-72,-66,-64,-139,-157,-160,-160,-166,-114,-123,0,0,8,-25,-14,-26,-12,-4,-3,-4,-4,-104,-87,-96,-20,-20,-8,-109,-120,-264,-272,-265,-268,-257,-258,-420,-435,-419,-414,-358,-297,-818,-808]} 1. e4 c5 2. Nf3 Nc6 3. Bb5 g6 4. O-O Bg7 5. c3 Nf6 6. Re1 O-O 7. d4 cxd4 8. cxd4 d5 9. e5 Ne4 10. Nbd2 Bf5 11. Nxe4 dxe4 12. Bxc6 bxc6 13. Ng5 {[#]} c5 $1 {[%mdl 512] B31: Sicilian: 2...Nc6 3 Bb5 g6} 14. dxc5 $146 {[#]} (14. d5 $11) ({Predecessor:} 14. Be3 h6 15. g4 cxd4 16. Bxd4 hxg5 17. gxf5 gxf5 18. Rc1 Qd7 19. Rc4 Qe6 20. Qc1 f4 21. Rxe4 Qg4+ 22. Kf1 Qf3 23. Re1 Qh3+ 24. Kg1 Rac8 25. Rxc8 Rxc8 26. Bc3 f3 27. Qxg5 Rc4 {0-1 (27) Staub,G-Ikonnikov,V (2553) Germany 1999}) 14... Qxd1 $1 $17 15. Rxd1 {[#]} h6 $1 {[%cal Rh6g5] Black is better.} 16. Nh3 g5 17. Be3 Bxe5 18. Bd4 Bc7 {Threatens to win with ...g4.} 19. Be3 (19. Kh1 $15) 19... Rfd8 20. Rxd8+ Rxd8 (20... Bxd8 21. Kh1 $15) 21. b4 Be6 (21... Bd7 $19 22. Rd1 f5 23. Bxg5 hxg5 24. Nxg5 e5) 22. c6 Bxa2 (22... a6 $17 {...Bd5 is the strong threat.} 23. a4 Rb8) 23. f4 $1 $11 Rd3 24. Bxa7 (24. Kf2 $5 {[%cal Ra1a2]} Bd5 25. Rxa7 gxf4 26. Nxf4 Bxf4 27. Bxf4 Bxc6 28. Rxe7 $14 (28. Bxh6 e6 $11)) 24... Bc4 25. Nf2 Rd6 26. Nxe4 Rxc6 27. fxg5 Bd5 28. b5 (28. Nc5 $11) 28... Rc2 $17 29. Ra4 Rc1+ (29... Re2 $17 30. Ng3 Rxg2+ {[%mdl 64] Double Attack} 31. Kf1 Rc2 32. gxh6 Bc4+ {[%mdl 64] Double Attack} 33. Kg1 Bxb5 34. Rg4+ Kh8) 30. Kf2 $11 Bxh2 {next ...hxg5 is good for Black.} 31. Nd2 (31. Be3 $1 $11 Rc2+ 32. Nd2) 31... hxg5 $17 32. Nf3 (32. g3 $17 {was called for.}) 32... Rc2+ $19 33. Ke3 Bf4+ $1 ({Don't do} 33... Rxg2 34. Nxh2 Rxh2 35. Rd4 $17) 34. Kd4 e6 35. Ne1 $2 (35. g3 {was worth a try.} Bc1 36. Ne5) 35... Re2 {aiming for ...Re4+.} 36. Ra1 Be5+ 37. Kd3 Rb2 {Strongly threatening ...Rb3+.} ({Resist} 37... Bxa1 38. Kxe2 Bc4+ 39. Ke3 $19) 38. Bd4 $2 (38. Rc1) 38... Rb3+ {Accuracy: White = 24%, Black = 69%.} 0-1

[Event "Bamberg-Open 2019"]
[Site "Bamberg"]
[Date "2019.05.30"]
[Round "2.3"]
[White "Krauseneck, Peter"]
[Black "Stets, Dmitry"]
[Result "1/2-1/2"]
[WhiteElo "2136"]
[BlackElo "2391"]
[Annotator "ChessBase"]
[PlyCount "61"]
[EventDate "2019.05.12"]
[EventType "swiss"]
[EventCountry "GER"]
[SourceTitle "playchess.com"]
[Source "ChessBase"]
[SourceQuality "1"]
[TimeControl "40/5400+30:900+30"]

1. b3 {[%emt 0:01:45]} e5 {[%emt 0:00:00]} 2. Bb2 {[%emt 0:00:13]} d6 {[%emt 0:00:09]} 3. e3 {[%emt 0:00:37]} Nf6 {[%emt 0:00:35]} 4. d4 {[%emt 0:01:55]} Nbd7 {[%emt 0:00:47]} 5. Nf3 {[%emt 0:06:04]} e4 {[%emt 0:03:26]} 6. Nfd2 {[%emt 0:00:20]} d5 {[%emt 0:01:00]} 7. c4 {[%emt 0:00:09]} Bb4 {[%emt 0:00:42]} 8. a3 {[%emt 0:00:12]} Bxd2+ {[%emt 0:00:09]} 9. Qxd2 {[%emt 0:00:42]} O-O {[%emt 0:02:01]} 10. Nc3 {[%emt 0:00:06]} c6 {[%emt 0:10:52]} 11. Be2 {[%emt 0:01:41]} Nb6 {[%emt 0:01:47]} 12. c5 {[%emt 0:24:00]} Nbd7 {[%emt 0:00:13]} 13. f4 {[%emt 0:01:29]} b6 {[%emt 0:07:33]} 14. Na4 {[%emt 0:01:21]} a5 {[%emt 0:07:26]} 15. Bc3 {[%emt 0:04:48]} b5 {[%emt 0:11:25]} 16. Nb2 {[%emt 0:01:48]} Ne8 {[%emt 0:00:58]} 17. Nd1 {[%emt 0:00:42]} f5 {[%emt 0:00:49]} 18. Nf2 {[%emt 0:00:37]} Ndf6 {[%emt 0:00:52]} 19. b4 {[%emt 0:02:27]} axb4 {[%emt 0:03:39]} 20. Bxb4 {[%emt 0:01:34]} Rf7 {[%emt 0:02:02]} 21. h3 {[%emt 0:01:55]} h5 {[%emt 0:04:40]} 22. g3 {[%emt 0:05:00]} Rfa7 {[%emt 0:02:27]} 23. O-O {[%emt 0:03:33]} Nc7 {[%emt 0:02:00]} 24. Kh2 {[%emt 0:04:01]} Qe7 {[%emt 0:02:43]} 25. Rg1 {[%emt 0:01:29]} Bd7 {[%emt 0:01:27]} 26. Kg2 {[%emt 0:04:58]} Qf7 {[%emt 0:03:19]} 27. h4 {[%emt 0:00:21]} Ng4 {[%emt 0:00:37]} 28. Nh3 {[%emt 0:00:14]} Ne6 {[%emt 0:00:36]} 29. Bxg4 {[%emt 0:00:51]} fxg4 {[%emt 0:01:03]} 30. Ng5 {[%emt 0:00:03]} Nxg5 {[%emt 0:00:36]} 31. hxg5 {[%emt 0:00:08]} 1/2-1/2

[Event "Bamberg-Open 2019"]
[Site "Bamberg"]
[Date "2019.05.30"]
[Round "2.4"]
[White "Hacker, Jonas"]
[Black "Schnicke, Robert"]
[Result "1-0"]
[WhiteElo "2386"]
[BlackElo "2127"]
[Annotator "ChessBase"]
[PlyCount "109"]
[EventDate "2019.05.12"]
[EventType "swiss"]
[EventCountry "GER"]
[SourceTitle "playchess.com"]
[Source "ChessBase"]
[SourceQuality "1"]
[TimeControl "40/5400+30:900+30"]

1. e4 {[%emt 0:00:00]} e6 {[%emt 0:00:00]} 2. d4 {[%emt 0:00:00]} d5 {[%emt 0:00:11]} 3. Nc3 {[%emt 0:00:00]} Nf6 {[%emt 0:01:29]} 4. e5 {[%emt 0:00:00]} Nfd7 {[%emt 0:00:37]} 5. f4 {[%emt 0:00:00]} c5 {[%emt 0:01:55]} 6. Nf3 {[%emt 0:00:01]} Nc6 {[%emt 0:08:52]} 7. Be3 {[%emt 0:00:20]} Qa5 {[%emt 0:13:30]} 8. a3 {[%emt 0:04:33]} c4 {[%emt 0:05:51]} 9. g4 {[%emt 0:07:57]} Be7 {[%emt 0:03:56]} 10. Bg2 {[%emt 0:06:06]} b5 {[%emt 0:07:21]} 11. f5 {[%emt 0:03:42]} Nb6 {[%emt 0:05:34]} 12. Bd2 {[%emt 0:10:11]} Qa6 {[%emt 0:01:57]} 13. fxe6 {[%emt 0:02:14]} Bxe6 {[%emt 0:00:36]} 14. h3 {[%emt 0:00:28]} Rd8 {[%emt 0:13:20]} 15. O-O {[%emt 0:03:42]} h6 {[%emt 0:02:46]} 16. Ne2 {[%emt 0:01:39]} Qc8 {[%emt 0:01:40]} 17. Nf4 {[%emt 0:07:30]} a5 {[%emt 0:01:55]} 18. c3 {[%emt 0:05:34]} Qd7 {[%emt 0:03:01]} 19. Nh5 {[%emt 0:04:11]} Kf8 {[%emt 0:03:30]} 20. Qe1 {[%emt 0:05:00]} Re8 {[%emt 0:01:35]} 21. Nh4 {[%emt 0:02:12]} Bxh4 {[%emt 0:00:52]} 22. Qxh4 {[%emt 0:00:24]} Qd8 {[%emt 0:05:09]} 23. Qf2 {[%emt 0:03:01]} Kg8 {[%emt 0:03:26]} 24. Qg3 {[%emt 0:08:22]} Ne7 {[%emt 0:04:32]} 25. Bf3 {[%emt 0:06:17]} Ng6 {[%emt 0:00:42]} 26. Bd1 {[%emt 0:01:44]} Nd7 {[%emt 0:00:56]} 27. Bc2 {[%emt 0:02:20]} Ndf8 {[%emt 0:00:28]} 28. Qf2 {[%emt 0:02:37]} Qc8 {[%emt 0:01:08]} 29. Kh1 {[%emt 0:01:28]} Qb7 {[%emt 0:00:43]} 30. Bf5 {[%emt 0:02:19]} Qd7 {[%emt 0:00:58]} 31. Kh2 {[%emt 0:01:35]} Qe7 {[%emt 0:00:55]} 32. a4 {[%emt 0:03:23]} b4 {[%emt 0:00:35]} 33. cxb4 {[%emt 0:00:05]} axb4 {[%emt 0:00:03]} 34. Bxb4 {[%emt 0:00:28]} Qb7 {[%emt 0:02:50]} 35. Bc5 {[%emt 0:02:23]} Rc8 {[%emt 0:00:36]} 36. Bd6 {[%emt 0:01:11]} c3 {[%emt 0:00:43]} 37. b4 {[%emt 0:01:00]} Nh7 {[%emt 0:01:48]} 38. h4 {[%emt 0:01:57]} c2 {[%emt 0:00:48]} 39. Rac1 {[%emt 0:00:39]} Ngf8 {[%emt 0:00:39]} 40. Nf4 {[%emt 0:01:22]} Ng5 {[%emt 0:01:43]} 41. Nxe6 {[%emt 0:08:20]} Nfxe6 {[%emt 0:03:33]} 42. Rxc2 {[%emt 0:01:34]} Rxc2 {[%emt 0:05:05]} 43. Qxc2 {[%emt 0:01:22]} Nxd4 {[%emt 0:02:04]} 44. Qc8+ {[%emt 0:00:15]} Qxc8 {[%emt 0:00:06]} 45. Bxc8 {[%emt 0:00:03]} Ngf3+ {[%emt 0:02:07]} 46. Kg3 {[%emt 0:01:58]} Nd2 {[%emt 0:00:58]} 47. Rd1 {[%emt 0:00:08]} Ne4+ {[%emt 0:00:25]} 48. Kg2 {[%emt 0:00:20]} Ne2 {[%emt 0:00:50]} 49. a5 {[%emt 0:01:07]} g6 {[%emt 0:00:42]} 50. a6 {[%emt 0:01:33]} Kh7 {[%emt 0:01:02]} 51. Bb7 {[%emt 0:00:12]} N4c3 {[%emt 0:00:13]} 52. Rd2 {[%emt 0:00:39]} d4 {[%emt 0:02:31]} 53. a7 {[%emt 0:00:32]} Nc1 54. Rxd4 Nb5 55. Rd1 1-0

[Event "Bamberg-Open 2019"]
[Site "Bamberg"]
[Date "2019.05.30"]
[Round "2.5"]
[White "Ziegenfuss, Antonia"]
[Black "Langheinrich, Ferenc"]
[Result "0-1"]
[WhiteElo "2111"]
[BlackElo "2379"]
[Annotator "ChessBase"]
[PlyCount "60"]
[EventDate "2019.05.12"]
[EventType "swiss"]
[EventCountry "GER"]
[SourceTitle "playchess.com"]
[Source "ChessBase"]
[SourceQuality "1"]
[TimeControl "40/5400+30:900+30"]

1. d4 {[%emt 0:00:00]} Nf6 {[%emt 0:00:00]} 2. c4 {[%emt 0:00:00]} b6 {[%emt 0:00:04]} 3. Nc3 {[%emt 0:01:01]} Bb7 {[%emt 0:00:06]} 4. f3 {[%emt 0:00:53]} d5 {[%emt 0:05:35]} 5. cxd5 {[%emt 0:04:18]} Nxd5 {[%emt 0:00:19]} 6. e4 {[%emt 0:00:26]} Nxc3 {[%emt 0:00:06]} 7. bxc3 {[%emt 0:00:05]} e6 {[%emt 0:00:09]} 8. Bc4 {[%emt 0:05:48]} c5 {[%emt 0:03:18]} 9. Ne2 {[%emt 0:04:20]} cxd4 {[%emt 0:03:32]} 10. cxd4 {[%emt 0:00:30]} Bb4+ {[%emt 0:00:12]} 11. Bd2 {[%emt 0:01:41]} Bxd2+ {[%emt 0:00:06]} 12. Qxd2 {[%emt 0:00:11]} O-O {[%emt 0:00:22]} 13. O-O {[%emt 0:08:19]} Nc6 {[%emt 0:00:07]} 14. Rfd1 {[%emt 0:01:20]} Na5 {[%emt 0:16:20]} 15. Bd3 {[%emt 0:06:24]} Qd6 {[%emt 0:07:14]} 16. Qg5 {[%emt 0:12:45]} h6 {[%emt 0:06:42]} 17. Qg4 {[%emt 0:10:07]} Rac8 {[%emt 0:14:12]} 18. e5 {[%emt 0:08:49]} Qe7 {[%emt 0:00:41]} 19. Ng3 {[%emt 0:01:50]} Qg5 {[%emt 0:01:05]} 20. Qxg5 {[%emt 0:09:55]} hxg5 {[%emt 0:00:25]} 21. Rf1 {[%emt 0:04:34]} Rfd8 {[%emt 0:02:06]} 22. Ne2 {[%emt 0:04:06]} Nc6 {[%emt 0:01:02]} 23. f4 {[%emt 0:05:33]} Nxd4 {[%emt 0:05:53]} 24. fxg5 {[%emt 0:01:49]} Nf3+ {[%emt 0:01:47]} 25. gxf3 {[%emt 0:00:42]} Rxd3 {[%emt 0:00:06]} 26. Nf4 {[%emt 0:03:10]} Rd4 {[%emt 0:01:01]} 27. Ng2 {[%emt 0:01:55]} Rc5 {[%emt 0:01:40]} 28. f4 {[%emt 0:01:37]} Rc2 {[%emt 0:01:34]} 29. Rf2 {[%emt 0:01:20]} Rxf2 {[%emt 0:00:07]} 30. Kxf2 {[%emt 0:00:03]} Rd2+ {[%emt 0:00:06]} 0-1

[Event "Bamberg-Open 2019"]
[Site "Bamberg"]
[Date "2019.05.30"]
[Round "2.6"]
[White "Kurayan, Ruslan"]
[Black "Schliebener, Stephan"]
[Result "1/2-1/2"]
[WhiteElo "2374"]
[BlackElo "2117"]
[Annotator "ChessBase"]
[PlyCount "55"]
[EventDate "2019.05.12"]
[EventType "swiss"]
[EventCountry "GER"]
[SourceTitle "playchess.com"]
[Source "ChessBase"]
[SourceQuality "1"]
[TimeControl "40/5400+30:900+30"]

1. e4 {[%emt 0:00:00]} c5 {[%emt 0:00:00]} 2. Nf3 {[%emt 0:00:00]} e6 {[%emt 0:00:00]} 3. d4 {[%emt 0:00:00]} cxd4 {[%emt 0:00:00]} 4. Nxd4 {[%emt 0:00:00]} a6 {[%emt 0:00:00]} 5. Nc3 {[%emt 0:00:00]} b5 {[%emt 0:00:06]} 6. Be3 {[%emt 0:04:49]} Bb7 {[%emt 0:01:42]} 7. f3 {[%emt 0:01:45]} Qc7 {[%emt 0:01:36]} 8. Qd2 {[%emt 0:01:45]} Nf6 {[%emt 0:01:19]} 9. O-O-O {[%emt 0:00:52]} Bb4 {[%emt 0:02:24]} 10. Kb1 {[%emt 0:25:13]} O-O {[%emt 0:02:24]} 11. g4 {[%emt 0:13:00]} d5 {[%emt 0:11:34]} 12. e5 {[%emt 0:25:49]} Nfd7 {[%emt 0:00:21]} 13. f4 {[%emt 0:01:10]} Nc5 {[%emt 0:01:36]} 14. Bd3 {[%emt 0:09:24]} Na4 {[%emt 0:02:10]} 15. Rdf1 {[%emt 0:07:06]} Bxc3 {[%emt 0:03:14]} 16. bxc3 {[%emt 0:00:15]} Nxc3+ {[%emt 0:00:08]} 17. Kb2 {[%emt 0:00:52]} b4 {[%emt 0:00:41]} 18. Ra1 {[%emt 0:00:54]} Nd7 {[%emt 0:02:12]} 19. a3 {[%emt 0:02:54]} a5 {[%emt 0:03:31]} 20. Rhf1 {[%emt 0:00:04]} Nc5 {[%emt 0:03:25]} 21. axb4 {[%emt 0:02:24]} axb4 {[%emt 0:01:00]} 22. Nb3 {[%emt 0:00:01]} Nxb3 {[%emt 0:05:58]} 23. cxb3 {[%emt 0:00:10]} Rxa1 {[%emt 0:00:37]} 24. Rxa1 {[%emt 0:00:05]} Rc8 {[%emt 0:06:08]} 25. Bd4 {[%emt 0:01:10]} h6 {[%emt 0:04:05]} 26. Rc1 {[%emt 0:02:00]} Qa5 {[%emt 0:00:36]} 27. Ra1 {[%emt 0:00:32]} Qc7 {[%emt 0:00:13]} 28. Rc1 1/2-1/2

[Event "Bamberg-Open 2019"]
[Site "Bamberg"]
[Date "2019.05.30"]
[Round "2.7"]
[White "Kunath, Tim"]
[Black "Hirneise, Jens"]
[Result "0-1"]
[WhiteElo "2103"]
[BlackElo "2375"]
[Annotator "ChessBase"]
[PlyCount "90"]
[EventDate "2019.05.12"]
[EventType "swiss"]
[EventCountry "GER"]
[SourceTitle "playchess.com"]
[Source "ChessBase"]
[SourceQuality "1"]
[TimeControl "40/5400+30:900+30"]

1. e4 {[%emt 0:00:00]} c5 {[%emt 0:00:00]} 2. Nf3 {[%emt 0:00:00]} d6 {[%emt 0:00:00]} 3. d4 {[%emt 0:00:00]} cxd4 {[%emt 0:00:00]} 4. Nxd4 {[%emt 0:00:00]} Nf6 {[%emt 0:00:00]} 5. Nc3 {[%emt 0:00:01]} Bd7 {[%emt 0:00:17]} 6. Bg5 {[%emt 0:02:04]} e6 {[%emt 0:00:12]} 7. Qd2 {[%emt 0:05:08]} h6 {[%emt 0:00:07]} 8. Bxf6 {[%emt 0:00:32]} Qxf6 {[%emt 0:00:03]} 9. Ndb5 {[%emt 0:00:39]} Bxb5 {[%emt 0:00:12]} 10. Bxb5+ {[%emt 0:04:00]} Nc6 {[%emt 0:00:08]} 11. O-O {[%emt 0:00:32]} Be7 {[%emt 0:00:26]} 12. Rae1 {[%emt 0:21:20]} O-O {[%emt 0:01:27]} 13. f4 {[%emt 0:01:27]} Qd4+ {[%emt 0:00:38]} 14. Qxd4 {[%emt 0:08:28]} Nxd4 {[%emt 0:00:02]} 15. Bd3 {[%emt 0:00:11]} Rfc8 {[%emt 0:04:06]} 16. Rf2 {[%emt 0:03:23]} a6 {[%emt 0:04:06]} 17. Nd1 {[%emt 0:05:45]} b5 {[%emt 0:02:52]} 18. c3 {[%emt 0:00:15]} Nc6 {[%emt 0:00:14]} 19. Ne3 {[%emt 0:03:07]} b4 {[%emt 0:04:21]} 20. c4 {[%emt 0:01:56]} Bf6 {[%emt 0:02:19]} 21. Kf1 {[%emt 0:00:28]} a5 {[%emt 0:02:06]} 22. Rd2 {[%emt 0:06:01]} a4 {[%emt 0:02:57]} 23. Bb1 {[%emt 0:01:36]} a3 {[%emt 0:09:53]} 24. b3 {[%emt 0:00:37]} Bc3 {[%emt 0:07:00]} 25. Rxd6 {[%emt 0:00:06]} Bxe1 {[%emt 0:00:16]} 26. Kxe1 {[%emt 0:00:03]} Na5 {[%emt 0:00:16]} 27. Bc2 {[%emt 0:01:50]} Rd8 {[%emt 0:03:29]} 28. Rb6 {[%emt 0:01:35]} Rab8 {[%emt 0:03:06]} 29. Ra6 {[%emt 0:01:29]} Nb7 {[%emt 0:02:59]} 30. Rc6 {[%emt 0:01:38]} Rdc8 {[%emt 0:04:47]} 31. Rxc8+ {[%emt 0:04:38]} Rxc8 {[%emt 0:00:02]} 32. Ng4 {[%emt 0:03:30]} Kf8 {[%emt 0:02:16]} 33. Ne5 {[%emt 0:00:36]} Nc5 {[%emt 0:01:38]} 34. Ke2 {[%emt 0:01:25]} f6 {[%emt 0:03:45]} 35. Nf3 {[%emt 0:03:15]} g5 {[%emt 0:02:01]} 36. g3 {[%emt 0:05:35]} gxf4 {[%emt 0:03:04]} 37. gxf4 {[%emt 0:00:01]} Ke7 {[%emt 0:00:33]} 38. Kf2 {[%emt 0:06:19]} Rd8 {[%emt 0:03:39]} 39. Ke3 {[%emt 0:01:03]} Rg8 {[%emt 0:00:16]} 40. Kf2 {[%emt 0:01:01]} Rg4 {[%emt 0:01:08]} 41. Nd4 {[%emt 0:22:46]} Rxf4+ {[%emt 0:16:24]} 42. Kg3 {[%emt 0:01:03]} e5 {[%emt 0:01:33]} 43. Nc6+ {[%emt 0:00:00]} Ke6 {[%emt 0:00:00]} 44. Nxb4 {[%emt 0:00:00]} Nxe4+ {[%emt 0:00:00]} 45. Kg2 {[%emt 0:00:00]} Nc3 {[%emt 0:00:00]} 0-1

[Event "Bamberg-Open 2019"]
[Site "Bamberg"]
[Date "2019.05.30"]
[Round "2.8"]
[White "Scholz, Christian"]
[Black "Jergler, Karl-Heinz"]
[Result "1-0"]
[WhiteElo "2372"]
[BlackElo "2099"]
[Annotator "ChessBase"]
[PlyCount "61"]
[EventDate "2019.05.12"]
[EventType "swiss"]
[EventCountry "GER"]
[SourceTitle "playchess.com"]
[Source "ChessBase"]
[SourceQuality "1"]
[TimeControl "40/5400+30:900+30"]

1. d4 {[%emt 0:00:00]} Nf6 {[%emt 0:00:00]} 2. c4 {[%emt 0:00:00]} g6 {[%emt 0:00:00]} 3. Nc3 {[%emt 0:00:00]} d5 {[%emt 0:00:00]} 4. Bf4 {[%emt 0:00:00]} Bg7 {[%emt 0:00:00]} 5. e3 {[%emt 0:00:00]} O-O {[%emt 0:00:00]} 6. Rc1 {[%emt 0:00:00]} c5 {[%emt 0:00:00]} 7. dxc5 {[%emt 0:00:00]} Na6 {[%emt 0:00:14]} 8. cxd5 {[%emt 0:01:15]} Nxc5 {[%emt 0:01:44]} 9. Bc4 {[%emt 0:16:24]} Qa5 {[%emt 0:03:18]} 10. a3 {[%emt 0:03:48]} Nce4 {[%emt 0:05:58]} 11. Nge2 {[%emt 0:00:16]} Nxc3 {[%emt 0:05:43]} 12. Nxc3 {[%emt 0:00:20]} Ne4 {[%emt 0:00:27]} 13. Qb3 {[%emt 0:06:03]} Nxc3 {[%emt 0:09:46]} 14. bxc3 {[%emt 0:00:09]} Bf5 {[%emt 0:00:09]} 15. O-O {[%emt 0:04:05]} Qc5 {[%emt 0:02:32]} 16. Rfd1 {[%emt 0:01:52]} Rac8 {[%emt 0:01:53]} 17. Be2 {[%emt 0:03:24]} Rfd8 {[%emt 0:19:37]} 18. Bf3 {[%emt 0:12:10]} b5 {[%emt 0:07:01]} 19. e4 {[%emt 0:16:53]} Bd7 {[%emt 0:00:58]} 20. Be2 {[%emt 0:02:09]} a5 {[%emt 0:13:16]} 21. Be3 {[%emt 0:03:00]} Qd6 {[%emt 0:02:21]} 22. Bxb5 {[%emt 0:04:24]} Bxb5 {[%emt 0:06:53]} 23. Qxb5 {[%emt 0:00:07]} Qxa3 {[%emt 0:05:15]} 24. Bb6 {[%emt 0:05:02]} Rf8 {[%emt 0:04:02]} 25. c4 {[%emt 0:08:10]} Bc3 {[%emt 0:05:39]} 26. c5 {[%emt 0:01:34]} Bb4 {[%emt 0:00:50]} 27. c6 {[%emt 0:05:44]} Qa2 {[%emt 0:01:09]} 28. Qd3 {[%emt 0:02:11]} Qb2 {[%emt 0:02:05]} 29. Bd4 {[%emt 0:00:14]} Qa3 {[%emt 0:00:04]} 30. Qc2 {[%emt 0:02:02]} Bd6 {[%emt 0:01:56]} 31. e5 {[%emt 0:00:55]} 1-0

[Event "Bamberg-Open 2019"]
[Site "Bamberg"]
[Date "2019.05.30"]
[Round "2.9"]
[White "Sukaylo, Aleksey"]
[Black "Gegenfurtner, Juergen"]
[Result "0-1"]
[WhiteElo "2097"]
[BlackElo "2323"]
[Annotator "ChessBase"]
[PlyCount "68"]
[EventDate "2019.05.12"]
[EventType "swiss"]
[EventCountry "GER"]
[SourceTitle "playchess.com"]
[Source "ChessBase"]
[SourceQuality "1"]
[TimeControl "40/5400+30:900+30"]

1. e4 {[%emt 0:00:00]} e5 {[%emt 0:00:00]} 2. Nf3 {[%emt 0:00:00]} Nc6 {[%emt 0:00:00]} 3. Bc4 {[%emt 0:00:00]} Bc5 {[%emt 0:00:00]} 4. c3 {[%emt 0:00:00]} Nf6 {[%emt 0:00:00]} 5. d4 {[%emt 0:00:00]} exd4 {[%emt 0:00:02]} 6. cxd4 {[%emt 0:00:00]} Bb4+ {[%emt 0:00:15]} 7. Bd2 {[%emt 0:00:00]} Nxe4 {[%emt 0:00:38]} 8. Bxb4 {[%emt 0:00:08]} Nxb4 {[%emt 0:00:06]} 9. Bxf7+ {[%emt 0:00:09]} Kxf7 {[%emt 0:00:04]} 10. Qb3+ {[%emt 0:00:07]} Kf8 {[%emt 0:00:17]} 11. Qxb4+ {[%emt 0:02:05]} Qe7 {[%emt 0:00:05]} 12. Qa3 {[%emt 0:01:45]} Nf6+ {[%emt 0:05:13]} 13. Qxe7+ {[%emt 0:09:28]} Kxe7 {[%emt 0:00:05]} 14. Nc3 {[%emt 0:00:09]} d6 {[%emt 0:03:53]} 15. h3 {[%emt 0:05:37]} Bd7 {[%emt 0:01:14]} 16. O-O-O {[%emt 0:03:01]} Rae8 {[%emt 0:01:17]} 17. Ng5 {[%emt 0:03:46]} Rhf8 {[%emt 0:02:14]} 18. f3 {[%emt 0:06:29]} h6 {[%emt 0:02:34]} 19. Nge4 {[%emt 0:00:12]} Nh5 {[%emt 0:03:52]} 20. b4 {[%emt 0:11:43]} Kd8 {[%emt 0:05:39]} 21. Kb2 {[%emt 0:03:42]} Nf4 {[%emt 0:02:35]} 22. Rd2 {[%emt 0:00:09]} b6 {[%emt 0:02:30]} 23. d5 {[%emt 0:11:25]} g5 {[%emt 0:08:26]} 24. Nd1 {[%emt 0:08:39]} Bf5 {[%emt 0:08:22]} 25. Ndc3 {[%emt 0:07:48]} Re5 {[%emt 0:04:14]} 26. Rhd1 {[%emt 0:01:30]} a6 {[%emt 0:04:17]} 27. a3 {[%emt 0:07:36]} Bh7 {[%emt 0:05:36]} 28. Kb3 {[%emt 0:05:26]} Bg8 {[%emt 0:01:06]} 29. b5 {[%emt 0:03:26]} axb5 {[%emt 0:01:37]} 30. Kb4 {[%emt 0:00:25]} Kd7 {[%emt 0:01:43]} 31. Kxb5 {[%emt 0:02:04]} Nxd5 {[%emt 0:02:05]} 32. Nxd5 {[%emt 0:06:47]} Bxd5 {[%emt 0:00:16]} 33. Kb4 {[%emt 0:00:11]} Bxe4 {[%emt 0:00:28]} 34. Re1 {[%emt 0:00:28]} Rd5 {[%emt 0:01:22]} 0-1